Events on Easter Quiz - Statistics

General Stats
  • This quiz has been taken 517 times
    91 since last reset
  • The average score is 11 of 15
Answer Stats
Date Event Answer % Correct
5 April 1722 Europeans first discover this Pacific island, famous for its statues. Easter Island
98%
20 April 2025 This Pope makes his final public appearance, before his death the next day. Pope Francis
86%
6 April 1980 These small adhesive pieces of paper are introduced into stationery stores. Post-it Notes
83%
11 April 1909 This city, Israel's economic center, is founded. Tel Aviv
81%
31 March 1918 This clock-advancing practice is first observed in the United States. Daylight Saving Time
78%
19 April 1987 This cartoon family is first seen in "Good Night", on The Tracy Ullman Show. The Simpsons
76%
21 April 2019 This former actor and comedian wins the 2019 Ukrainian presidential election. Volodymyr Zelenskyy
76%
31 March 1991 Over 99% of voters in this Caucasian republic vote to leave the Soviet Union. Georgia
70%
21 April 2019 Bombings in churches and hotels kill 269 people in this Indian Ocean island country. Sri Lanka
70%
26 March 1967 10,000 people gather to promote peace in a "be-in" in this famous park. Central Park
68%
6 April 1947 These awards, recognising Broadway excellence, are first awarded. Tony Awards
68%
27 March 2005 This medical drama, starring Ellen Pompeo, first premiers on ABC. Grey's Anatomy
67%
1 April 1945 United States Army and Marines invade this Japanese island. Okinawa
67%
12 April 2009 Following hyperinflation, this African country abandons its currency. Zimbabwe
65%
27 March 2016 A suicide bombing in a park kills at least 75 people in this Pakistani city. Lahore
44%
No matching quizzes found
Score Distribution
Percent of People with Each Score
Percentile by Number Answered
Your Score History
You have not taken this quiz since the last reset